Word Ladder: The Not This But That Quiz Stats

 Plays Quiz Updated Apr 7, 2014

Support Sporcle.
Go Orange.
Score 0/20 Timer 03:00
0 Plays Today
Clue Four-Letter Word % Correct
Not Alive, But ...DEAD
98.7%
Not Fake, But ...REAL
98.1%
Not Follow, But ...LEAD
94.8%
Not a Ripoff, But a ...DEAL
92.2%
Not a Snack, But a ...MEAL
88.7%
Not Sick, But ...WELL
81.6%
Not the Median, But the ...MEAN
79.7%
Not Show, But ...TELL
75.4%
Not Aqua, But ...TEAL
74.3%
Not Stout, But ...LEAN
73.9%
Clue Four-Letter Word % Correct
Not a Fence, But a ...WALL
72.7%
Not a Strikeout, But a ...WALK
63%
Not Borrow, But ...LOAN
55.2%
Not Eject, But ...LOAD
54%
Not Brahms, But ...BACH
48.2%
Not Leap at, But ...BALK
47.3%
Not Reading class, But ...MATH
46%
Not Oppose, But ...BACK
44.5%
Not the Man of Law, But the Wife of ...BATH
36.4%
Not Reality, But ...MYTH
29.5%

Today's Daily Dose

Word Ladder
ING Words

Get the Picture
Nearest Volcano

From the Vault

Click the Poison Pokémon (Gen. 1)

by beforever

Gaming 4m
Just don't let the toxicity of the players get to you, though.
Remove Ads.
Support Sporcle.
Get the best of Sporcle when you Go Orange. This ad-free experience offers more features, more stats, and more fun while also helping to support Sporcle. Thank you for becoming a member.

Show Comments

Extras

Top Quizzes Today


Score Distribution

Your Account Isn't Verified!

In order to create a playlist on Sporcle, you need to verify the email address you used during registration. Go to your Sporcle Settings to finish the process.

Report this User

Report this user for behavior that violates our Community Guidelines.

Details: